[Event "Chigorin Memorial 2018"]
[Site "St. Petersburg"]
[Date "2018.10.31"]
[Round "5.71"]
[White "Chashchev, Sergey"]
[Black "Babanin, Gleb"]
[Result "0-1"]
[WhiteElo "2313"]
[BlackElo "2037"]
[PlyCount "104"]
[EventDate "2018.10.27"]
[EventType "swiss"]
[EventCountry "RUS"]
[WhiteTeam "Russland"]
[BlackTeam "Russland"]
[WhiteTeamCountry "RUS"]
[BlackTeamCountry "RUS"]

1. Nf3 Nf6 2. g3 g6 3. b3 Bg7 4. Bb2 O-O 5. Bg2 d5 6. d4 Bf5 7. O-O Nbd7 8. h3 Ne4 9. Nbd2 c5 10. Nh4 cxd4 11. Nxe4 dxe4 12. Nxf5 gxf5 13. Bxd4 Ne5 14. c3 Qc7 15. Rc1 Rfd8 16. Qd2 Ng6 17. Qg5 e6 18. h4 h6 19. Qe3 b6 20. h5 e5 21. hxg6 fxg6 22. Bxb6 axb6 23. Rc2 h5 24. Qc1 Kh7 25. Rd1 Rac8 26. e3 Rd3 27. c4 Rcd8 28. Re1 Bf8 29. Bf1 Bb4 30. Bxd3 exd3 31. Rd2 e4 32. a3 Bxd2 33. Qxd2 Qc5 34. Qb4 Ra8 35. Qxc5 bxc5 36. Ra1 g5 37. Kf1 Kg6 38. Ke1 f4 39. gxf4 gxf4 40. Kd2 Kf5 41. Rh1 Rxa3 42. Rxh5+ Kg4 43. Rxc5 Ra2+ 44. Kc3 Rc2+ 45. Kb4 Rxf2 46. exf4 Kxf4 47. Rc8 Ke3 48. c5 Rc2 49. Kb5 d2 50. Rd8 Rc3 51. Rxd2 Kxd2 52. b4 e3 0-1

[Event "Chigorin Memorial 2018"]
[Site "St. Petersburg"]
[Date "2018.10.31"]
[Round "5.72"]
[White "Dmitriev, Vladimir"]
[Black "Gomes, Mary Ann"]
[Result "0-1"]
[WhiteElo "2031"]
[BlackElo "2302"]
[PlyCount "68"]
[EventDate "2018.10.27"]
[EventType "swiss"]
[EventCountry "RUS"]
[WhiteTeam "Russland"]
[BlackTeam "Indien"]
[WhiteTeamCountry "RUS"]
[BlackTeamCountry "IND"]

1. e4 c5 2. Nc3 Nc6 3. g3 g6 4. Bg2 Bg7 5. Nge2 d6 6. h3 Rb8 7. a4 e6 8. d3 Nge7 9. f4 O-O 10. O-O b6 11. Kh2 Nd4 12. g4 f5 13. Ng3 Qd7 14. exf5 exf5 15. Nd5 fxg4 16. hxg4 Bb7 17. Nxe7+ Qxe7 18. Bxb7 Rxb7 19. c3 Ne6 20. Kg2 d5 21. Bd2 b5 22. f5 Ng5 23. Re1 Qd8 24. Bxg5 Qxg5 25. Qf3 Rbf7 26. Qxd5 gxf5 27. gxf5 h5 28. Kf2 Kh7 29. Qg2 h4 30. Ne4 Qxf5+ 31. Ke2 Bh6 32. Rh1 Rg8 33. Qh3 Qxh3 34. Rxh3 Rg2+ 0-1

[Event "Chigorin Memorial 2018"]
[Site "St. Petersburg"]
[Date "2018.10.31"]
[Round "5.73"]
[White "Isanzhulov, Arystan"]
[Black "Nikitinyh, Boris"]
[Result "1-0"]
[WhiteElo "2284"]
[BlackElo "2031"]
[PlyCount "131"]
[EventDate "2018.10.27"]
[EventType "swiss"]
[EventCountry "RUS"]
[WhiteTeam "Kasachstan"]
[BlackTeam "Russland"]
[WhiteTeamCountry "KAZ"]
[BlackTeamCountry "RUS"]

1. e4 c6 2. Nc3 d5 3. Nf3 dxe4 4. Nxe4 Bg4 5. h3 Qd5 6. d3 Bxf3 7. Qxf3 Nf6 8. Bd2 Nbd7 9. Bc3 h6 10. Qe2 O-O-O 11. g3 e5 12. Bg2 Qe6 13. O-O Nd5 14. Ba5 Nc7 15. a4 Be7 16. Nd2 Rhe8 17. Nc4 Bc5 18. Bd2 Nb6 19. b4 Nxc4 20. dxc4 Qd6 21. Rfd1 Bxb4 22. Be3 Qe7 23. Qg4+ Ne6 24. Rxd8+ Rxd8 25. Qf5 Bc3 26. Rb1 g6 27. Qf3 Nd4 28. Bxd4 Bxd4 29. Qb3 Qc7 30. h4 a5 31. h5 gxh5 32. Qf3 Kb8 33. Qxc6 Qxc6 34. Bxc6 b6 35. Kg2 Bc5 36. Bd5 Rd6 37. Re1 f6 38. c3 Kc7 39. f3 Rd7 40. Rh1 Bf8 41. Rxh5 Kd6 42. Rh1 Kc7 43. g4 Rg7 44. Kf2 Rg5 45. Be4 Rg8 46. Ke2 Bg7 47. Kd3 Rd8+ 48. Bd5 b5 49. axb5 Kb6 50. Ra1 Rd7 51. Ke4 Ra7 52. Ra4 Kc5 53. Kf5 Kb6 54. Kg6 Bh8 55. Kxh6 Rg7 56. Ra2 Rg5 57. Kh7 Bg7 58. Kg8 f5 59. gxf5 Bf6+ 60. Kf7 Rxf5 61. Ke6 Rf4 62. Kd6 Bg7 63. c5+ Kxb5 64. Rb2+ Ka6 65. Rb6+ Ka7 66. Rb7+ 1-0

[Event "Chigorin Memorial 2018"]
[Site "St. Petersburg"]
[Date "2018.10.31"]
[Round "5.74"]
[White "Shihaliev, Leonard"]
[Black "Postnikov, Artem"]
[Result "0-1"]
[WhiteElo "2010"]
[BlackElo "2270"]
[PlyCount "98"]
[EventDate "2018.10.27"]
[EventType "swiss"]
[EventCountry "RUS"]
[WhiteTeam "Russland"]
[BlackTeam "Russland"]
[WhiteTeamCountry "RUS"]
[BlackTeamCountry "RUS"]

1. e4 c6 2. d4 d5 3. exd5 cxd5 4. Nf3 Nc6 5. c3 Qc7 6. Be2 Bg4 7. O-O e6 8. Na3 a6 9. b4 Nf6 10. b5 axb5 11. Nxb5 Qd7 12. Bf4 Rc8 13. a4 Be7 14. Ne5 Nxe5 15. Bxe5 Bxe2 16. Qxe2 O-O 17. Bxf6 Bxf6 18. Rfb1 Rc4 19. f4 Ra8 20. Qd1 Qc6 21. Qb3 h5 22. Re1 g6 23. Kh1 Bd8 24. Re3 Qa6 25. g3 Rxa4 26. Rxa4 Qxa4 27. Qxa4 Rxa4 28. Re1 Kf8 29. Nd6 b6 30. Rb1 Ra8 31. Rb3 Ke7 32. Nb5 Kd7 33. Na3 Be7 34. Nc2 Kc6 35. Rb2 b5 36. Kg2 Kb6 37. Kf2 Rc8 38. Rb3 Ka5 39. Ke3 Ka4 40. Na1 b4 41. Kd3 Rc4 42. h4 Bf8 43. cxb4 Bg7 44. b5 Rxd4+ 45. Kc2 Rc4+ 46. Kd3 Bxa1 47. Rb1 Bf6 48. b6 Rc3+ 49. Kd2 Rc8 0-1

[Event "Chigorin Memorial 2018"]
[Site "St. Petersburg"]
[Date "2018.10.31"]
[Round "5.75"]
[White "Rjabzev, Konstantin"]
[Black "Osipov, Aleksandr"]
[Result "1-0"]
[WhiteElo "2270"]
[BlackElo "2021"]
[PlyCount "65"]
[EventDate "2018.10.27"]
[EventType "swiss"]
[EventCountry "RUS"]
[WhiteTeam "Russland"]
[BlackTeam "Russland"]
[WhiteTeamCountry "RUS"]
[BlackTeamCountry "RUS"]

1. e4 c5 2. Nf3 d6 3. Bb5+ Nd7 4. c3 a6 5. Ba4 b5 6. Bc2 Bb7 7. d4 g6 8. O-O Bg7 9. Re1 e5 10. dxe5 dxe5 11. Bg5 Qc7 12. a4 h6 13. Bd2 Ne7 14. axb5 axb5 15. Na3 Qc6 16. Qc1 g5 17. h4 g4 18. Nh2 h5 19. Nf1 O-O 20. Ng3 Nf6 21. Bh6 Bc8 22. Qg5 Ng6 23. Bxg7 Kxg7 24. Nf5+ Bxf5 25. exf5 Nh7 26. Qe3 Nxh4 27. Be4 Qc8 28. Qg3 Rxa3 29. Rxa3 Qd8 30. Ra6 Re8 31. f6+ Nxf6 32. Qxh4 Nxe4 33. Qxd8 1-0

[Event "Chigorin Memorial 2018"]
[Site "St. Petersburg"]
[Date "2018.10.31"]
[Round "5.76"]
[White "Tsvetkov, Andrey"]
[Black "Vorobyova, Valeriya"]
[Result "1-0"]
[WhiteElo "2264"]
[BlackElo "2030"]
[PlyCount "79"]
[EventDate "2018.10.27"]
[EventType "swiss"]
[EventCountry "RUS"]
[WhiteTeam "Russland"]
[BlackTeam "Russland"]
[WhiteTeamCountry "RUS"]
[BlackTeamCountry "RUS"]

1. d4 Nf6 2. c4 g6 3. Nc3 d5 4. cxd5 Nxd5 5. e4 Nxc3 6. bxc3 Bg7 7. Nf3 c5 8. Be3 O-O 9. Be2 Nc6 10. O-O Qa5 11. d5 Ne5 12. Nd2 Nd7 13. Rc1 Qxa2 14. Nc4 Qa6 15. Bg5 b5 16. Ra1 Qb7 17. Rb1 Nf6 18. d6 exd6 19. Nxd6 Qe7 20. Bxb5 Bg4 21. Qxg4 Qxd6 22. Qf3 Qe6 23. Rfe1 a6 24. Bf1 Rab8 25. Rbd1 Nd7 26. Qd3 Ne5 27. Qe3 Rfc8 28. h3 a5 29. Rd5 Nd7 30. Bc4 Qe8 31. Rd2 Nb6 32. Ba6 Rc7 33. Red1 Rd7 34. Qxc5 Rxd2 35. Bxd2 Qxe4 36. Qxa5 Qc2 37. Be2 Nc4 38. Qc7 Rb1 39. Qd8+ Bf8 40. Bh6 1-0

[Event "Chigorin Memorial 2018"]
[Site "St. Petersburg"]
[Date "2018.10.31"]
[Round "5.77"]
[White "Gitelson, Arkady"]
[Black "Slugin, Yaroslav"]
[Result "1/2-1/2"]
[WhiteElo "2264"]
[BlackElo "2009"]
[PlyCount "66"]
[EventDate "2018.10.27"]
[EventType "swiss"]
[EventCountry "RUS"]
[WhiteTeam "Russland"]
[BlackTeam "Russland"]
[WhiteTeamCountry "RUS"]
[BlackTeamCountry "RUS"]

1. e4 d5 2. exd5 Qxd5 3. Nc3 Qd6 4. d4 Nf6 5. Bd3 c6 6. Nge2 Bg4 7. f3 Bh5 8. Bf4 Qd8 9. Qd2 e6 10. O-O-O Nbd7 11. Ne4 Nb6 12. Nxf6+ gxf6 13. c4 Bg6 14. Rhe1 Qd7 15. Bg3 Bxd3 16. Qxd3 O-O-O 17. Qb3 h5 18. Kb1 h4 19. Bf2 Bg7 20. d5 exd5 21. Bxb6 axb6 22. cxd5 Qf5+ 23. Ka1 Rxd5 24. Rc1 Bh6 25. f4 Rhd8 26. Qxb6 Bxf4 27. Nxf4 Qxf4 28. Rxc6+ bxc6 29. Qxc6+ Kb8 30. Qb6+ Kc8 31. Qc6+ Kb8 32. Qb6+ Kc8 33. Qc6+ Kb8 1/2-1/2

[Event "Chigorin Memorial 2018"]
[Site "St. Petersburg"]
[Date "2018.10.31"]
[Round "5.78"]
[White "Zaichikov, Andrey"]
[Black "Mamontova, Anastasia"]
[Result "1-0"]
[WhiteElo "2202"]
[BlackElo "2009"]
[PlyCount "65"]
[EventDate "2018.10.27"]
[EventType "swiss"]
[EventCountry "RUS"]
[WhiteTeam "Russland"]
[BlackTeam "Russland"]
[WhiteTeamCountry "RUS"]
[BlackTeamCountry "RUS"]

1. e4 c6 2. d3 d5 3. Nd2 e5 4. Ngf3 Nd7 5. Qe2 Qe7 6. g3 g6 7. Bg2 d4 8. O-O Bg7 9. c3 dxc3 10. bxc3 Qc5 11. Nc4 Qe7 12. Ba3 c5 13. d4 exd4 14. e5 dxc3 15. Rad1 Nh6 16. Nd6+ Kf8 17. Bh3 Nf5 18. Bxf5 gxf5 19. Nxf5 Qe8 20. Qc4 b6 21. Qd5 Ba6 22. Qxd7 Bxf1 23. Qd6+ Kg8 24. Kxf1 Bf8 25. Nh6+ Bxh6 26. Qxh6 Qa4 27. Rd4 Qa6+ 28. Kg2 Qc8 29. h3 f5 30. exf6 Kf7 31. Ng5+ Ke8 32. f7+ Ke7 33. Qd6# 1-0

[Event "Chigorin Memorial 2018"]
[Site "St. Petersburg"]
[Date "2018.10.31"]
[Round "5.79"]
[White "Perov, German"]
[Black "Vasilyev, Alexey"]
[Result "0-1"]
[WhiteElo "2196"]
[BlackElo "1995"]
[PlyCount "114"]
[EventDate "2018.10.27"]
[EventType "swiss"]
[EventCountry "RUS"]
[WhiteTeam "Russland"]
[BlackTeam "Russland"]
[WhiteTeamCountry "RUS"]
[BlackTeamCountry "RUS"]

1. e4 c5 2. d4 cxd4 3. c3 Nf6 4. e5 Nd5 5. Nf3 e6 6. cxd4 Nc6 7. a3 d6 8. Bd3 Be7 9. O-O O-O 10. Qc2 h6 11. Qe2 Bd7 12. Bxh6 gxh6 13. Qe4 f5 14. exf6 Rxf6 15. Qh7+ Kf8 16. Nh4 Nf4 17. Ng6+ Rxg6 18. Bxg6 Nxg6 19. Qxg6 Bf6 20. Qxh6+ Bg7 21. Qf4+ Kg8 22. Qxd6 Nxd4 23. Nc3 Bc6 24. Qxd8+ Rxd8 25. Rad1 Rf8 26. Rfe1 Rf5 27. Re3 Rg5 28. Rg3 Rxg3 29. hxg3 a5 30. f3 Nf5 31. Rd8+ Kf7 32. Nd1 Bf6 33. Rd3 Nxg3 34. Kf2 Bh4 35. Ke3 Bg5+ 36. Kf2 Bh4 37. Ke3 e5 38. Nc3 Nf5+ 39. Ke2 Nd4+ 40. Kd1 Bg5 41. b4 a4 42. b5 Nxb5 43. Nxa4 Be7 44. Nb6 Nxa3 45. Nc8 Bb4 46. Nd6+ Bxd6 47. Rxd6 Nc4 48. Rh6 Ne3+ 49. Ke2 Nxg2 50. Kf2 Nf4 51. Ke3 Ke7 52. Kf2 Ne6 53. Ke3 Nd4 54. Rh7+ Kf6 55. Rh6+ Kg7 56. Rh5 Nxf3 57. Rf5 e4 0-1

[Event "Chigorin Memorial 2018"]
[Site "St. Petersburg"]
[Date "2018.10.31"]
[Round "5.80"]
[White "Rudikov, Dmitry"]
[Black "Eynullayev, Altay"]
[Result "0-1"]
[WhiteElo "1990"]
[BlackElo "2180"]
[PlyCount "44"]
[EventDate "2018.10.27"]
[EventType "swiss"]
[EventCountry "RUS"]
[WhiteTeam "Russland"]
[BlackTeam "Aserbeidschan"]
[WhiteTeamCountry "RUS"]
[BlackTeamCountry "AZE"]

1. d4 Nf6 2. g3 e6 3. Bg2 c5 4. Nf3 cxd4 5. Nxd4 d5 6. c4 e5 7. Nf3 d4 8. O-O Nc6 9. Qa4 Nd7 10. Ng5 Qc7 11. Bd5 Nb6 12. Qb5 a6 13. Bxf7+ Qxf7 14. Qxb6 Qxc4 15. Nd2 Qd5 16. e4 Qb5 17. Qc7 Be7 18. Ndf3 h6 19. Nh4 hxg5 20. Ng6 Bh3 21. Re1 Rc8 22. a4 Qb4 0-1

[Event "Chigorin Memorial 2018"]
[Site "St. Petersburg"]
[Date "2018.10.31"]
[Round "5.81"]
[White "Pujari, Rucha"]
[Black "Wartiovaara, Oliver"]
[Result "1-0"]
[WhiteElo "2160"]
[BlackElo "1984"]
[PlyCount "83"]
[EventDate "2018.10.27"]
[EventType "swiss"]
[EventCountry "RUS"]
[WhiteTeam "Indien"]
[BlackTeam "Finnland"]
[WhiteTeamCountry "IND"]
[BlackTeamCountry "FIN"]

1. d4 Nf6 2. c4 g6 3. Nf3 Bg7 4. g3 c6 5. Bg2 d5 6. cxd5 cxd5 7. O-O O-O 8. Ne5 Ng4 9. Nf3 Nf6 10. Nc3 Ne4 11. Ne5 Nxc3 12. bxc3 Nc6 13. f4 Nxe5 14. fxe5 Be6 15. Rb1 b6 16. Rb5 Qd7 17. Qb3 Rac8 18. Bd2 Rfd8 19. a4 Qc6 20. a5 bxa5 21. Ra1 a4 22. Rxa4 Bd7 23. Rbb4 Qa8 24. Ra6 Bc6 25. Qa2 Rd7 26. e6 fxe6 27. Bh3 Kf7 28. e4 Rb7 29. Bxe6+ Kf8 30. Rxb7 Qxb7 31. Bxc8 Qxc8 32. e5 e6 33. Rxa7 Qb8 34. Bh6 Bxh6 35. Qf2+ Ke8 36. Qf7+ Kd8 37. Qe7+ Kc8 38. Qxe6+ Kd8 39. Qg8+ Be8 40. Qxd5+ Kc8 41. Qe6+ Bd7 42. Qxd7# 1-0

[Event "Chigorin Memorial 2018"]
[Site "St. Petersburg"]
[Date "2018.10.31"]
[Round "5.82"]
[White "Sokolov, Ilia"]
[Black "Yarosh, Ruslan"]
[Result "1-0"]
[WhiteElo "2150"]
[BlackElo "1981"]
[PlyCount "41"]
[EventDate "2018.10.27"]
[EventType "swiss"]
[EventCountry "RUS"]
[WhiteTeam "Russland"]
[BlackTeam "Russland"]
[WhiteTeamCountry "RUS"]
[BlackTeamCountry "RUS"]

1. Nf3 d5 2. g3 Nf6 3. Bg2 Bf5 4. O-O e6 5. c4 c6 6. d3 h6 7. Nc3 Be7 8. Be3 O-O 9. Qb3 Qc7 10. cxd5 Nxd5 11. Nxd5 exd5 12. Rac1 Be6 13. Nd4 Na6 14. Qa4 Nb8 15. Nxe6 fxe6 16. Qg4 Qe5 17. Bxh6 Qxb2 18. Qxe6+ Rf7 19. Rb1 Qf6 20. Qc8+ Bf8 21. Bf4 1-0

[Event "Chigorin Memorial 2018"]
[Site "St. Petersburg"]
[Date "2018.10.31"]
[Round "5.83"]
[White "Kavyev, Ruslan"]
[Black "Ismagilov, Igor"]
[Result "1-0"]
[WhiteElo "2145"]
[BlackElo "1979"]
[PlyCount "75"]
[EventDate "2018.10.27"]
[EventType "swiss"]
[EventCountry "RUS"]
[WhiteTeam "Russland"]
[BlackTeam "Russland"]
[WhiteTeamCountry "RUS"]
[BlackTeamCountry "RUS"]

1. d4 c5 2. Nf3 cxd4 3. Nxd4 Nc6 4. g3 Nf6 5. Bg2 d5 6. O-O e6 7. c4 Qb6 8. Nxc6 bxc6 9. Nc3 Be7 10. cxd5 cxd5 11. e4 Ba6 12. Qa4+ Kf8 13. Be3 Qb7 14. Rfd1 dxe4 15. Nxe4 Bb5 16. Qd4 Bc6 17. Nc5 Qc8 18. Bxc6 Qxc6 19. Nd7+ Nxd7 20. Qxd7 Qxd7 21. Rxd7 Bf6 22. Rc1 Bxb2 23. Rcc7 f5 24. Bd4 Bxd4 25. Rxd4 a5 26. Rdd7 g6 27. Rf7+ Ke8 28. Rce7+ Kd8 29. Rxe6 a4 30. a3 Re8 31. Rd6+ Kc8 32. Rxh7 Kb8 33. Rb6+ Kc8 34. Rxg6 Rb8 35. Rc6+ Kd8 36. Rcc7 Re1+ 37. Kg2 Ra1 38. Ra7 1-0

[Event "Chigorin Memorial 2018"]
[Site "St. Petersburg"]
[Date "2018.10.31"]
[Round "5.84"]
[White "Protasova, Anastasia"]
[Black "Galchenko, Vadim"]
[Result "0-1"]
[WhiteElo "1974"]
[BlackElo "2135"]
[PlyCount "80"]
[EventDate "2018.10.27"]
[EventType "swiss"]
[EventCountry "RUS"]
[WhiteTeam "Russland"]
[BlackTeam "Russland"]
[WhiteTeamCountry "RUS"]
[BlackTeamCountry "RUS"]

1. d4 d5 2. c4 Nc6 3. Nf3 Bg4 4. e3 e5 5. cxd5 Qxd5 6. Nc3 Bb4 7. Bd2 Bxc3 8. bxc3 e4 9. c4 Qh5 10. Qb3 Nge7 11. Ng1 O-O 12. Ne2 Bxe2 13. Bxe2 Qg5 14. O-O Nxd4 15. exd4 Qxd2 16. Rfe1 b6 17. Rad1 Qg5 18. Bf1 f5 19. f3 exf3 20. Qxf3 Ng6 21. Qc6 Rac8 22. c5 f4 23. Kh1 f3 24. gxf3 Qf4 25. Bg2 Rcd8 26. Re4 Qf7 27. Rg1 Kh8 28. Rg4 Rd5 29. Re1 Rfd8 30. cxb6 cxb6 31. Rge4 Rxd4 32. Rxd4 Rxd4 33. Qa8+ Nf8 34. h3 h6 35. Bf1 Rf4 36. Re8 Rxf3 37. Bg2 Rf2 38. Qd8 Qf6 39. Qb8 a5 40. Rd8 h5 0-1

[Event "Chigorin Memorial 2018"]
[Site "St. Petersburg"]
[Date "2018.10.31"]
[Round "5.85"]
[White "Vasiliev, Georgiy"]
[Black "Bajaramov, Elvin"]
[Result "1-0"]
[WhiteElo "2124"]
[BlackElo "1950"]
[PlyCount "109"]
[EventDate "2018.10.27"]
[EventType "swiss"]
[EventCountry "RUS"]
[WhiteTeam "Russland"]
[BlackTeam "Russland"]
[WhiteTeamCountry "RUS"]
[BlackTeamCountry "RUS"]

1. c4 Nf6 2. Nc3 c6 3. Nf3 d5 4. e3 Nbd7 5. Qc2 e5 6. cxd5 Nxd5 7. a3 Bd6 8. b4 Nxc3 9. Qxc3 O-O 10. Bb2 Qe7 11. e4 a5 12. bxa5 Nc5 13. Qc2 Rxa5 14. Bc4 b5 15. Be2 Na4 16. Bc1 Bd7 17. O-O Nb6 18. d4 exd4 19. Nxd4 Qe5 20. Nf3 Qxa1 21. Bb2 Qa2 22. Ra1 Qe6 23. Qc3 Qf6 24. e5 Bxe5 25. Nxe5 Rfa8 26. Qd2 Be8 27. Nd7 Qd8 28. Qd4 f6 29. Nxb6 Qxd4 30. Bxd4 Rd8 31. Bc5 Rd2 32. Bb4 Rxe2 33. Bxa5 Kf7 34. Kf1 Re7 35. Bb4 Rc7 36. Bc5 Kg6 37. a4 bxa4 38. Rxa4 Bf7 39. f4 Kf5 40. Kf2 h5 41. Ke3 g5 42. fxg5 fxg5 43. Kd4 Rb7 44. Ra1 g4 45. Rf1+ Kg5 46. Ke5 Kg6 47. Rf6+ Kg7 48. Rxc6 Rb8 49. Kf5 Kh7 50. Rc7 Kg7 51. Nd7 Rb2 52. Rc8 Kh7 53. Nf6+ Kg7 54. Bf8+ Kh8 55. Bh6+ 1-0

[Event "Chigorin Memorial 2018"]
[Site "St. Petersburg"]
[Date "2018.10.31"]
[Round "5.86"]
[White "Ismagilov, Damir"]
[Black "Pavlov, Mark"]
[Result "1/2-1/2"]
[WhiteElo "2116"]
[BlackElo "1924"]
[PlyCount "86"]
[EventDate "2018.10.27"]
[EventType "swiss"]
[EventCountry "RUS"]
[WhiteTeam "Russland"]
[BlackTeam "Russland"]
[WhiteTeamCountry "RUS"]
[BlackTeamCountry "RUS"]

1. d4 Nf6 2. Nf3 g6 3. Bg5 Bg7 4. Nbd2 O-O 5. c3 d6 6. e4 c5 7. dxc5 dxc5 8. Bc4 Nc6 9. O-O Qc7 10. Qc2 a6 11. a4 Rb8 12. Rfe1 b5 13. axb5 axb5 14. Bf1 e5 15. b4 c4 16. Be2 Bb7 17. Nf1 Ne7 18. N3d2 Rfd8 19. h4 h6 20. Be3 Rd7 21. h5 g5 22. Ng3 Rbd8 23. Rad1 Nh7 24. Ndf1 Nf8 25. Bg4 Rd3 26. Rxd3 cxd3 27. Qd2 Bc8 28. Bxc8 Qxc8 29. Bc5 Qd7 30. Bxe7 Qxe7 31. Ne3 Ne6 32. Nd5 Qb7 33. Nf5 Nf4 34. Nfe7+ Kh8 35. Nxf4 gxf4 36. Nf5 Qc6 37. g3 Qf6 38. g4 Qe6 39. f3 Bf6 40. Ra1 Bg5 41. Rd1 Qb3 42. Kg2 Kh7 43. Kh3 Qc2 1/2-1/2

[Event "Chigorin Memorial 2018"]
[Site "St. Petersburg"]
[Date "2018.10.31"]
[Round "5.87"]
[White "Postanogov, Dmitrii"]
[Black "Rubtsov, Aleksandr"]
[Result "1-0"]
[WhiteElo "2101"]
[BlackElo "1900"]
[PlyCount "143"]
[EventDate "2018.10.27"]
[EventType "swiss"]
[EventCountry "RUS"]
[WhiteTeam "Russland"]
[BlackTeam "Russland"]
[WhiteTeamCountry "RUS"]
[BlackTeamCountry "RUS"]

1. e4 e5 2. Nf3 Nc6 3. Bb5 a6 4. Ba4 Nf6 5. O-O Be7 6. Re1 b5 7. Bb3 d6 8. c3 O-O 9. h3 Nb8 10. d4 Nbd7 11. Nbd2 Bb7 12. Bc2 Re8 13. Nf1 Bf8 14. Ng3 g6 15. a4 c5 16. d5 c4 17. Be3 Nc5 18. Bxc5 dxc5 19. Qd2 Nd7 20. Nf1 Bd6 21. g4 Kg7 22. Ng3 h6 23. Kg2 Rh8 24. axb5 axb5 25. Rxa8 Bxa8 26. Ra1 Bb7 27. Qc1 Be7 28. Qe3 Qb6 29. Rd1 Qd6 30. Ra1 Qb6 31. Qd2 Ra8 32. Rxa8 Bxa8 33. h4 Bb7 34. g5 hxg5 35. hxg5 f6 36. Qc1 Nf8 37. Qh1 Bc8 38. Qh6+ Kf7 39. Bd1 Qd6 40. gxf6 Qxf6 41. Qe3 Kg7 42. Be2 Bd7 43. Nxe5 Qxe5 44. f4 Qf6 45. e5 Qh4 46. e6 Bc8 47. f5 Qg5 48. Qxg5 Bxg5 49. Ne4 Bd8 50. Nd6 Ba6 51. Ne8+ Kh7 52. d6 Bb7+ 53. Bf3 Bxf3+ 54. Kxf3 Kg8 55. e7 Bxe7 56. dxe7 Kf7 57. exf8=Q+ Kxf8 58. Nd6 b4 59. fxg6 bxc3 60. bxc3 Kg7 61. Nxc4 Kxg6 62. Ke4 Kf6 63. Kd5 Ke7 64. Kxc5 Kd7 65. Kb6 Kc8 66. Ne5 Kb8 67. c4 Kc8 68. c5 Kb8 69. c6 Kc8 70. Nc4 Kb8 71. c7+ Kc8 72. Nd6+ 1-0

[Event "Chigorin Memorial 2018"]
[Site "St. Petersburg"]
[Date "2018.10.31"]
[Round "5.88"]
[White "Yaroslavtsev, Artem"]
[Black "Kuznetsov, Mikhail"]
[Result "1-0"]
[WhiteElo "2097"]
[BlackElo "1882"]
[PlyCount "51"]
[EventDate "2018.10.27"]
[EventType "swiss"]
[EventCountry "RUS"]
[WhiteTeam "Russland"]
[BlackTeam "Russland"]
[WhiteTeamCountry "RUS"]
[BlackTeamCountry "RUS"]

1. Nf3 c5 2. e4 d6 3. Nc3 Nf6 4. d4 cxd4 5. Nxd4 a6 6. Nf3 g6 7. e5 dxe5 8. Qxd8+ Kxd8 9. Nxe5 Be6 10. Bf4 Nfd7 11. Be2 g5 12. Nxd7 gxf4 13. Nc5 Kc7 14. Nxe6+ fxe6 15. O-O-O Bh6 16. Kb1 Nd7 17. Bg4 Nc5 18. Rhe1 Rad8 19. Bxe6 Rxd1+ 20. Nxd1 Kd6 21. Bg4 e5 22. Nc3 a5 23. Rd1+ Kc6 24. Bf3+ Kc7 25. Rd5 b6 26. Rxe5 1-0

[Event "Chigorin Memorial 2018"]
[Site "St. Petersburg"]
[Date "2018.10.31"]
[Round "5.89"]
[White "Tahay, Romain"]
[Black "Vorobyova, Ekaterina"]
[Result "0-1"]
[WhiteElo "2089"]
[BlackElo "1874"]
[PlyCount "70"]
[EventDate "2018.10.27"]
[EventType "swiss"]
[EventCountry "RUS"]
[WhiteTeam "Frankreich"]
[BlackTeam "Russland"]
[WhiteTeamCountry "FRA"]
[BlackTeamCountry "RUS"]

1. d4 d5 2. c4 e6 3. Nc3 c5 4. cxd5 exd5 5. Nf3 Nc6 6. g3 Nf6 7. Bg2 cxd4 8. Nxd4 Be7 9. O-O O-O 10. a3 Bg4 11. h3 Be6 12. Nxe6 fxe6 13. Qb3 Na5 14. Qa4 a6 15. b4 Nc4 16. b5 Bc5 17. e3 Qc7 18. Kh1 Kh8 19. Qb3 Rac8 20. Ne2 axb5 21. Qxb5 Qe5 22. Ra2 Ne4 23. f4 Qf5 24. g4 Qg6 25. f5 exf5 26. Bxe4 fxe4 27. Rxf8+ Bxf8 28. Qxd5 Qf6 29. Nf4 Qc3 30. Bd2 Qb3 31. Qh5 Qb1+ 32. Kh2 Rd8 33. Ng6+ Kg8 34. Qg5 Qxa2 35. Qxd8 Qxd2+ 0-1

[Event "Chigorin Memorial 2018"]
[Site "St. Petersburg"]
[Date "2018.10.31"]
[Round "5.90"]
[White "Sorokin, Artem"]
[Black "Khadzhiev, Valery"]
[Result "1/2-1/2"]
[WhiteElo "1701"]
[BlackElo "2087"]
[PlyCount "183"]
[EventDate "2018.10.27"]
[EventType "swiss"]
[EventCountry "RUS"]
[WhiteTeam "Russland"]
[BlackTeam "Russland"]
[WhiteTeamCountry "RUS"]
[BlackTeamCountry "RUS"]

1. e4 c6 2. d4 d5 3. e5 c5 4. Nf3 cxd4 5. Nxd4 e6 6. Nd2 Nc6 7. N2f3 Nge7 8. Bd3 Ng6 9. Qe2 Qb6 10. c3 a6 11. O-O Be7 12. Re1 Bd7 13. b4 Na7 14. Bd2 Ba4 15. g3 O-O 16. h4 Rfc8 17. Rac1 Nc6 18. h5 Nf8 19. Nb3 Bxb3 20. axb3 d4 21. b5 axb5 22. Bxb5 dxc3 23. Bxc3 Nb4 24. Bd4 Qd8 25. Bc4 Nc6 26. Bc3 Qb6 27. Nd2 Bb4 28. Qg4 Bxc3 29. Rxc3 Qd4 30. Qxd4 Nxd4 31. Nf3 Nf5 32. Rd3 Rc5 33. Rd2 Ne7 34. Nd4 Nc6 35. Nxc6 Rxc6 36. Kg2 h6 37. Kf3 Rc7 38. Red1 g6 39. Kg4 Kg7 40. f4 Ra3 41. hxg6 Kxg6 42. Rc2 Kg7 43. Rcd2 Rc5 44. Rb1 b5 45. Be2 Rc3 46. Bxb5 Raxb3 47. Rxb3 Rxb3 48. Be2 Ng6 49. Rd3 Rb2 50. Re3 Ne7 51. Bd3 Rb3 52. Rf3 Rb4 53. Kh3 Nc6 54. Rf1 Rd4 55. Be2 Rd2 56. Bg4 Rc2 57. Rd1 Rc4 58. Bh5 Nd4 59. Ra1 Rc7 60. Ra4 Nf5 61. Ra3 Kf8 62. Bg4 Nd4 63. Bh5 Nc2 64. Rb3 Kg7 65. Rd3 Nb4 66. Rb3 Nd5 67. Bf3 Ne7 68. Bh5 Nf5 69. Bg4 Nd4 70. Rd3 Rc4 71. Bh5 Kf8 72. Ra3 Rc7 73. Rd3 Nf5 74. Bg4 Ng7 75. Rd8+ Ne8 76. Ra8 Ke7 77. Rb8 Ra7 78. Kg2 Rc7 79. Kh3 Rc1 80. Kg2 Nc7 81. Rb7 Kf8 82. Bh5 Rc2+ 83. Kh3 Rc3 84. Kg2 Rc5 85. Rb8+ Kg7 86. Rb7 Kf8 87. Rb8+ Kg7 88. Rb7 f6 89. exf6+ Kxf6 90. Bf3 Rc2+ 91. Kh3 Rc3 92. Bh5 1/2-1/2

[Event "Chigorin Memorial 2018"]
[Site "St. Petersburg"]
[Date "2018.10.31"]
[Round "5.91"]
[White "Frolov, Aleksey G."]
[Black "Smorodkin, Kirill"]
[Result "1/2-1/2"]
[WhiteElo "2086"]
[BlackElo "1819"]
[PlyCount "125"]
[EventDate "2018.10.27"]
[EventType "swiss"]
[EventCountry "RUS"]
[WhiteTeam "Russland"]
[BlackTeam "Russland"]
[WhiteTeamCountry "RUS"]
[BlackTeamCountry "RUS"]

1. e4 e5 2. Nf3 Nc6 3. Bb5 a6 4. Ba4 Nf6 5. O-O b5 6. Bb3 Bc5 7. c3 d6 8. a4 Bb7 9. d4 Bb6 10. Re1 h6 11. h3 O-O 12. Qd3 b4 13. d5 Ne7 14. cxb4 c6 15. dxc6 Nxc6 16. Bd2 Nd4 17. a5 Ba7 18. Nxd4 Bxd4 19. Bc3 d5 20. exd5 Nxd5 21. Bxd4 Nf4 22. Qf5 Qxd4 23. Qxe5 Qxb4 24. Ra4 Nxh3+ 25. gxh3 Qxb3 26. Rg4 g6 27. Rg3 Qa4 28. Qc7 Rae8 29. Rf1 Qe4 30. Kh2 Rc8 31. Qb6 Rc2 32. Nc3 Qc6 33. Qd4 Qe6 34. b4 Rc8 35. Re3 Qf5 36. Ne2 h5 37. Qf4 Qd5 38. Rg1 R2c4 39. Qf6 R4c6 40. Qf4 Rc4 41. Qf6 R4c6 42. Qe7 R6c7 43. Qg5 Qxg5 44. Rxg5 Rc4 45. b5 axb5 46. Rxb5 Ba8 47. Kg3 h4+ 48. Kh2 Ra4 49. f3 Ra2 50. Kg2 Kg7 51. Kf2 Rc1 52. Rb8 Bd5 53. a6 Rcc2 54. a7 Rxa7 55. Rb4 Raa2 56. Rxh4 Bc4 57. Rhe4 Bxe2 58. Rxe2 Rxe2+ 59. Rxe2 Rxe2+ 60. Kxe2 Kf6 61. f4 Kf5 62. Kf3 g5 63. fxg5 1/2-1/2